| 000 | 00503nam a22001697a 4500 | ||
|---|---|---|---|
| 003 | OSt | ||
| 005 | 20150323112231.0 | ||
| 008 | 150323b xxu||||| |||| 00| 0 eng d | ||
| 040 | _cBMC | ||
| 082 | _a808.06842 | ||
| 100 | 1 |
_932984 _aGould, Dulce |
|
| 245 | 1 | 0 |
_aAdventures with Mac _cstories and illustrations by Dulce Gould |
| 260 |
_aToronto [etc.] _bHolt, Rinehart and Winston of Canada _ccop. 1967 |
||
| 300 |
_a64 p. _bil. _c24 cm |
||
| 650 | 2 | 4 |
_929437 _aCuentos ingleses |
| 942 |
_2ddc _cBK _hahoj |
||
| 999 |
_c19832 _d19832 |
||